Normal view
MARC view
- Shafi, Muhammad Danial
Entry Personal Name
001 - CONTROL NUMBER
- control field: 120306
003 - CONTROL NUMBER IDENTIFIER
- control field: NUST
005 - DATE AND TIME OF LATEST TRANSACTION
- control field: 20240213100406.0
008 - FIXED-LENGTH DATA ELEMENTS
- fixed length control field: 240213|| aca||aabn | a|a d
040 ## - CATALOGING SOURCE
- Original cataloging agency: NUST
- Transcribing agency: NUST
100 ## - HEADING--PERSONAL NAME
- Personal name: Shafi, Muhammad Danial
670 ## - SOURCE DATA FOUND
- Source citation: Work cat.: (NUST): Shafi, Muhammad Danial, Design and Development of Broadband Absorptive Metasurface/
